<?xml version="1.0" encoding="UTF-8"?>
<record
    xmlns:xsi="http://www.w3.org/2001/XMLSchema-instance"
    xsi:schemaLocation="http://www.loc.gov/MARC21/slim http://www.loc.gov/standards/marcxml/schema/MARC21slim.xsd"
    xmlns="http://www.loc.gov/MARC21/slim">

  <leader>01759    a2200241   4500</leader>
  <controlfield tag="001">44407</controlfield>
  <controlfield tag="005">20260407155721.0</controlfield>
  <controlfield tag="008">260407a2017    arg                 spa d</controlfield>
  <controlfield tag="003">AR-UNSa-BCEJYS</controlfield>
  <datafield tag="040" ind1=" " ind2=" ">
    <subfield code="a">AR-UNSa-BCEJYS</subfield>
    <subfield code="b">spa</subfield>
    <subfield code="c">AR-UNSa-BCEJYS</subfield>
  </datafield>
  <datafield tag="080" ind1=" " ind2=" ">
    <subfield code="a">338.43</subfield>
    <subfield code="x">Agricultura como una rama de la econom&#xED;a. Econom&#xED;a de los productos alimenticios</subfield>
  </datafield>
  <datafield tag="245" ind1="1" ind2="0">
    <subfield code="a">Pol&#xED;tica industrial rural y fortalecimiento de cadenas de valor</subfield>
  </datafield>
  <datafield tag="020" ind1=" " ind2=" ">
    <subfield code="a">978-92-1-121952-4</subfield>
  </datafield>
  <datafield tag="264" ind1=" " ind2="1">
    <subfield code="a">Santiago de Chile :</subfield>
    <subfield code="b">CEPAL (Comisi&#xF3;n Econ&#xF3;mica para Am&#xE9;rica Latina y el Caribe)</subfield>
    <subfield code="c">2017</subfield>
  </datafield>
  <datafield tag="300" ind1=" " ind2=" ">
    <subfield code="a">236 p.</subfield>
    <subfield code="c">22 cm.</subfield>
  </datafield>
  <datafield tag="505" ind1=" " ind2=" ">
    <subfield code="a">Cap&#xED;tulo I. Desaf&#xED;os en materia de desarrollo productivo en el espacio rural de Centroam&#xE9;rica y la Rep&#xFA;blica Dominicana / Ver&#xF3;nica Quiroz Estrada - Cap&#xED;tulo II. Pol&#xED;tica industrial rural / Ram&#xF3;n Padilla P&#xE9;rez, Ver&#xF3;nica Quiroz Estrada - Cap&#xED;tulo III. Metodolog&#xED;a para el fortalecimiento de cadenas de valor / Ram&#xF3;n Padilla P&#xE9;rez, Nahuel Oddone - Cap&#xED;tulo IV. La selecci&#xF3;n de cadenas de valor en el contexto de una pol&#xED;tica industrial / Caroline Gomes Nogueira, Ram&#xF3;n Padilla P&#xE9;rez, Francisco G. Villarreal - Cap&#xED;tulo V. El fortalecimiento de cadenas de valor de productos primarios y agroindustriales / Ram&#xF3;n Padilla P&#xE9;rez - Cap&#xED;tulo VI. El fortalecimiento de las cadenas de valor tur&#xED;sticas en los espacios rurales / Stefanie Garry, Nahuel Oddone - Cap&#xED;tulo VII. Conclusiones / Ram&#xF3;n Padilla P&#xE9;rez</subfield>
  </datafield>
  <datafield tag="041" ind1=" " ind2=" ">
    <subfield code="a">spa</subfield>
  </datafield>
  <datafield tag="942" ind1=" " ind2=" ">
    <subfield code="c">BK</subfield>
  </datafield>
  <datafield tag="590" ind1=" " ind2=" ">
    <subfield code="a">niveau_biblio:m niveau_hierar:0</subfield>
  </datafield>
  <datafield tag="100" ind1="1" ind2=" ">
    <subfield code="a">Naciones Unidas. Comisi&#xF3;n Econ&#xF3;mica para Am&#xE9;rica Latina y el Caribe (CEPAL)</subfield>
  </datafield>
  <datafield tag="700" ind1="1" ind2=" ">
    <subfield code="a">Padilla P&#xE9;rez, Ram&#xF3;n</subfield>
  </datafield>
  <datafield tag="856" ind1="4" ind2="1">
    <subfield code="u">https://biblioeco.unsa.edu.ar/pmb/images/libros/L126876.jpg</subfield>
    <subfield code="y">Imagen de portada</subfield>
    <subfield code="q">image/jpeg</subfield>
  </datafield>
  <datafield tag="999" ind1=" " ind2=" ">
    <subfield code="c">3786</subfield>
    <subfield code="d">3786</subfield>
  </datafield>
  <datafield tag="952" ind1=" " ind2=" ">
    <subfield code="0">0</subfield>
    <subfield code="1">0</subfield>
    <subfield code="4">0</subfield>
    <subfield code="7">0</subfield>
    <subfield code="a">BCEJYS</subfield>
    <subfield code="b">BCEJYS</subfield>
    <subfield code="c">16</subfield>
    <subfield code="d">2026-04-07</subfield>
    <subfield code="l">0</subfield>
    <subfield code="o">338.43 P123</subfield>
    <subfield code="p">L126876</subfield>
    <subfield code="r">2026-04-07 15:57:21</subfield>
    <subfield code="w">2026-04-07</subfield>
    <subfield code="y">L</subfield>
  </datafield>
</record>
